000 00337nam a2200145Ia 4500
008 150301s2015 xx 000 0 und d
082 _a615.5
_bH14K
100 _aKRISHNAMURTHY, V
245 _aH:-TECH PRACTICE OF HOMOEOPATHY
250 _a1ST
260 _bKAMAKALI IND
300 _a72
650 _aPHARMACEUTICS
942 _2ddc
_cBK
999 _c7366
_d7366